| 000 | 01819nam0a2200337 4500 | ||
|---|---|---|---|
| 001 | RU\NLR\bibl\881512 | ||
| 005 | 20250614165024.0 | ||
| 010 |
_a5-86328-792-6 _9100 |
||
| 021 |
_aRU _b2005-44955 _92213 |
||
| 035 | _a(NLR Aleph) 000870077 | ||
| 090 |
_a1593967 _c1593967 |
||
| 100 | _a20051201d2005 |||y0rusy50 ca | ||
| 101 | 0 | _arus | |
| 102 | _aRU | ||
| 105 | _aa ||||||||| | ||
| 200 | 1 |
_aПсихология менеджмента _e(мультимедийное сопровождение курса в схемах и комментариях) _eучебное пособие _e[для студентов-психологов] _fР.В. Овчарова _gМ-во образования и науки Рос. Федерации, Федер. агентство по образованию, Кург. гос. ун-т |
|
| 210 |
_aКурган _cРед.-изд. центр Курганского государственного университета _d2005 |
||
| 215 |
_a120 с. _cил. _d21 |
||
| 300 | _aНа 4-й с. обл. авт.: Овчарова Р.В. - д.психол.н., проф., акад. АПСН | ||
| 320 | _aБиблиогр.: с. 118 (14 назв.) | ||
| 320 | _aДр. работы авт. на 4-й с. обл. | ||
| 606 | 1 |
_aМенеджмент _jУчебные издания для высших учебных заведений _xСоциально-психологические исследования _92189012 _3RU\NLR\auth\661315965 |
|
| 686 | _aС550.373.2я73 | ||
| 700 | 1 |
_4070 _7ca _8rus _aОвчарова _bР. В. _f1945- _gРаиса Викторовна _9261420 _3RU\NLR\AUTH\770261476 |
|
| 801 | 0 |
_aRU _bNLR _c20051201 _grcr |
|
| 801 | 1 |
_aRU _bNLR _c20051201 |
|
| 830 | _aАвт. по кн. | ||
| 942 | _cBOOK | ||
| 980 | _aNB | ||